000 00536nam a22001577a 4500
003 OSt
005 20120302150032.0
008 090610t xxu||||| |||| 00| 0 eng d
035 _a५०४०
040 _cमराठी
100 _aदेशपांडे, कृ.प.
_96144
245 _aसहशालेय उपक्रम संच दुसरा - श्रावणबाळ (भाग १ ला)
260 _aपुणे
_bअतुल
_c१९९०
300 _b४८ पाने
942 _2ddc
_cBOOK
999 _c491190
_d491187